000 00764nam a22002417a 4500
005 20100813145153.0
010 _aENG-100388
020 _c98.00
_a9789350010600
035 _aEN-83920
037 _bDBAD/PUB
082 _a621.381
100 _aSelevan, G.
_913165
245 _aElectronic principles /
_cby G. Selevan
260 _aPerambalur
_bMercury Printers & Publishers
_c2008
270 _bPerambalur
_e621212
300 _aix,143p.
_c21cm (pbk)
500 _aIncludes index
650 _aElectronic
_913166
700 _912759
700 _912760
942 _2ddc
_cEN
_h621.381
_mSEL
999 _c41675
_d41675